00533nam a22001457a 4500003000400000005001700004008004100021040001400062100002800076245010400104260001000208300003300218500010800251504002800359OSt20171010095535.0121008t xxu||||| |||| 00| 0 eng d aMMSUcULS aAbellon, Jay A, et al.  aDevelopment of a real-time PC based temperature controller and data loggercJay A. Abellon, et al.  c2008  axiii, [101] leaves c28 cm.  aThesis (BS Computer Engineering) -- Mariano Marcos State University-College of Engineering, Batac City  aBibliography: leaf 34